Tower Defense Simulator Enemy Remakes - Statistics

General Stats
  • This quiz has been taken 19 times
  • The average score is 13 of 21
Answer Stats
Old Enemy New Enemy % Correct
Amalgamation Amalgamation
80%
Frost Hero Frost Hero
80%
Jaxe Jaxe
80%
Dark Necromancer Necromancer
73%
Templar Warden
73%
Mystery Breaker2
67%
Mystery Boss Breaker4
67%
Swordmaster Fallen Swordmaster
67%
Nuclear Fallen King Nuclear Monster
67%
Reanimated Reanimated
67%
Rusher Rusher
67%
Circuit Circuit
60%
Deep Freeze Deep Freeze
60%
Scarecrow Scarecrow
60%
Bones Skeleton
60%
Swamp Thing Swamp Monster
60%
Undead Undead
60%
Mummy Mummy
53%
Summoner Boss Necromancer Boss
40%
Wasted Boss Mutated Boss
33%
Hallow Bones Cursed Skeleton
20%
No matching quizzes found
Score Distribution
Percent of People with Each Score
Percentile by Number Answered
Your Score History
You have not taken this quiz